| 000 | 01305cam a2200349 a 4500 | ||
|---|---|---|---|
| 999 |
_c13057 _d13057 |
||
| 001 | 16742149 | ||
| 003 | MAJU-Karachi | ||
| 005 | 20210520092334.0 | ||
| 008 | 110419s2013 caua b 000 0 eng | ||
| 010 | _a 2011927823 | ||
| 020 | _a9781111841768 | ||
| 020 | _a1111841764 | ||
| 040 |
_aDLC _cDLC _dDLC |
||
| 042 | _apcc | ||
| 050 | 0 | 0 |
_aRC465 _b.C67 2013 |
| 082 | 0 | 0 |
_a616.89/14 _223 |
| 100 | 1 | _aCorey, Gerald. | |
| 245 | 1 | 0 |
_aCase approach to counseling and psychotherapy / _cGerald Corey. |
| 250 | _a8th ed. | ||
| 260 |
_aBelmont, CA : _bBrooks/Cole, Cengage Learning, _cc2013. |
||
| 300 |
_axxi, 346 p. : _bill. ; _c24 cm. |
||
| 504 | _aIncludes bibliographical references. | ||
| 650 | 0 |
_aPsychotherapy _vCase studies. |
|
| 650 | 0 |
_aCounseling _vCase studies. |
|
| 856 | 4 | 2 |
_3Publisher description _uhttp://www.loc.gov/catdir/enhancements/fy1212/2011927823-d.html |
| 856 | 4 | 1 |
_3Table of contents only _uhttp://www.loc.gov/catdir/enhancements/fy1212/2011927823-t.html |
| 856 | 4 | 2 |
_3Contributor biographical information _uhttp://www.loc.gov/catdir/enhancements/fy1303/2011927823-b.html |
| 906 |
_a7 _bcbc _corigcop _d2 _eepcn _f20 _gy-gencatlg |
||
| 942 |
_2ddc _cPSYCHOLOGY |
||